000 00204nam a2200085 4500
001 1257645
005 20260217134042.0
245 _aBALKAN FATİHİ SULTAN 2. MURAT
_cİSMAİL BİLGİN
260 _bERDEM ÇOCUK
999 _c1257645
_d1257645